| Поле | Название | Значение |
| |
Тип записи |
a |
| |
Библиографический уровень |
m |
| 001 |
Контрольный номер |
RU/IS/BASE/321622632 |
| 005 |
Дата корректировки |
20201206204718.3 |
| 010 |
Индекс ISBN |
__ |
| a |
ISBN |
5-89566-008-8 |
| d |
Цена |
100-00 |
| 101 |
Язык документа |
__ |
| a |
Язык текста |
rus |
| c |
Язык оригинала |
rus |
| 200 |
Заглавие и сведения об ответственности |
0_ |
| a |
Заглавие |
Пушкины в Сибири |
| f |
Первые сведения об ответственности |
Щербаченко В. И. ; Библиотека Фонда А. Д. Меньшикова |
| b |
Общее обозначение материала |
Текст |
| 210 |
Выходные данные |
__ |
| a |
Место издания |
СПб. |
| c |
Издательство |
Ист. ил. |
| d |
Дата издания |
1999 |
| 215 |
Физическое описание |
__ |
| a |
Объем |
60, [2] с. |
| c |
Иллюстрации/тип воспроизводства |
ил. |
| 300 |
Общие примечания |
__ |
| a |
Общие примечания |
Прил.: с. 57-59 |
| a |
Общие примечания |
Дар |
| a |
Общие примечания |
Ред. кн. |
| 300 |
Общие примечания |
__ |
| a |
Общие примечания |
Пушкиниана |
| 320 |
Библиография |
__ |
| a |
Библиография |
Список исп. лит. и архив. материалов: с. 60-61 |
| 600 |
Персоналии |
__ |
| a |
Персоналии (Фамилия) |
Пушкины |
| 600 |
Персоналии |
__ |
| a |
Персоналии (Фамилия) |
Долгоруковы |
| 606 |
Тематические рубрики |
__ |
| a |
Основная рубрика |
История |
| z |
Хронологическая подрубрика |
16 в.; 17 в. |
| 606 |
Тематические рубрики |
__ |
| a |
Основная рубрика |
Россия в IX - XVII вв. |
| y |
Географическая подрубрика |
Березово; Сибирь; Тобольск |
| 610 |
Ключевые слова |
__ |
| a |
Ключевые слова |
династии; князья; родословные; ссыльные; ссылка; воеводы; предки; пушкиниана |
| 686 |
Индексы других классификаций |
__ |
| a |
Классификационный индекс |
63.3(2)45-8 |
| 700 |
Автор |
_1 |
| a |
Фамилия |
Щербаченко |
| b |
Имя |
В. И. |
| 4 |
Код отношения |
070 |
| 801 |
Источник записи |
_0 |
| a |
Страна |
RU |
| b |
Организация |
Муниципальное бюджетное учреждение культуры "Централизованная библиотечная система" г. Сургут (Центральная городская библиотека им. А. С. Пушкина) |
| g |
Правила каталогизации |
КиК/Елгина |
| 801 |
Источник записи |
_1 |
| a |
Страна |
RU |
| b |
Организация |
Муниципальное бюджетное учреждение культуры "Централизованная библиотечная система" г. Сургут (Центральная городская библиотека им. А. С. Пушкина) |
| g |
Правила каталогизации |
КиК/Елгина |
| 852 |
Данные о местонахождении |
__ |
| j |
Шифр хранения |
63.3(2)45-8 |
| c |
Каталожный индекс |
63.3(2)45-8 |
| i |
Авторский знак |
Щ 63 |
| 901 |
Тип документа |
__ |
| t |
Тип документа |
m |
| 903 |
Характеристики (МАРС) |
__ |
| a |
Дата передачи |
20100318 |
| 990 |
Данные о заказе (DOS) |
__ |
| j |
Количество экземпляров (DOS) |
1 |
| h |
N записи в КСУ для Б/У (DOS) |
201004 |